000 00466nam a22001097a 4500
008 150618b xxu||||| |||| 00| 0 eng d
010 _8HCCRSF: 004
245 _aHIGH COURT CRIMINAL SESSION No.440 of 1969 Uganda Vs Dani Sebi
260 _aHigh Court Kampala
500 _3 (original criminal Case No. MM 1223 of 1968 in the chief Magistrate's court Mbale at Mbale Before:M.saied Kaguire Esq., Chief Magistrate Mbale)
500 _3Before Hon.Mr. Justice L.P.Saldanha
999 _c6423
_d6423